000 00632nam a2200241Ia 4500
003 OSt
005 20220912151421.0
006 a|||||r|||| 00| 0
007 ta
008 220909b |||||||| |||| 00| 0 eng d
024 _a63445
037 _cTextual
040 _aCSL
_beng
_cCSL
041 _aeng
082 _aB7:(G), M3
100 _aGupta Amulyabhushan
245 0 _aStudies on the mechanical properties of human biomaterials
260 _aCalcutta
_bAru Press
_c1983
300 _a89p.
_ccm.
650 _aMaths
942 _hB7:(G), M3
_cTEXL
_2CC
999 _c68034
_d68034